Designing human-centric AI experiences : applied UX design for artificial intelligence (Record no. 296049)

MARC details
000 -LEADER
fixed length control field 00458nam a2200157Ia 4500
005 - DATE AND TIME OF LATEST TRANSACTION
control field 20241111155245.0
008 - FIXED-LENGTH DATA ELEMENTS--GENERAL INFORMATION
fixed length control field 240126s9999 xx 000 0 und d
020 ## - INTERNATIONAL STANDARD BOOK NUMBER
International Standard Book Number 9781484291061
082 ## - DEWEY DECIMAL CLASSIFICATION NUMBER
Classification number 004.21 KOR;1 R
100 ## - MAIN ENTRY--PERSONAL NAME
Personal name Kore, Akshay.
245 #0 - TITLE STATEMENT
Title Designing human-centric AI experiences : applied UX design for artificial intelligence
260 ## - PUBLICATION, DISTRIBUTION, ETC. (IMPRINT)
Name of publisher, distributor, etc. Apress Media
Place of publication, distribution, etc. New York
Date of publication, distribution, etc. 2022
300 ## - PHYSICAL DESCRIPTION
Extent xxiii, 468
440 ## - SERIES STATEMENT/ADDED ENTRY--TITLE
Title Design thinking
942 ## - ADDED ENTRY ELEMENTS (KOHA)
Koha item type PESU Books
Holdings
Date last seen Total Checkouts Full call number Accession number Volume/Issue Number Cost, replacement price Price effective from Category Lost status Source of classification or shelving scheme Damaged status Department Withdrawn status bill no. Permanent Location Current Location Shelving location Entry date Vendor Cost, normal purchase price Grants Currency symbol Conversion rate Discount Discount type
26/01/2024   004.21 KOR;1 R PU13921 (14/07/1905) 860.28 26/01/2024 PESU Books   Dewey Decimal Classification   Central Library   KLBH/IN/400/2023-24 Central Library Central Library Central Library 18/10/2023 KL Book House 1199.00 CS RS 1 28.25 Percentage

© For any Suggestions or Query, please contact the library staff @ librarian@pes.edu or Phone: +9180 2672 1983/ 2108.